| 000 | 00554nam a2200205 i 4500 | ||
|---|---|---|---|
| 001 | 18950 | ||
| 003 | ES-MaACL | ||
| 005 | 20250811113623.0 | ||
| 007 | t| | ||
| 008 | 020417s1999 sp ||||1| spa d | ||
| 020 | _a84-7630-821-3 | ||
| 080 | _a7.031.6 | ||
| 100 | 1 |
_aBargna, Ivan. _925643 |
|
| 245 | 1 | 0 |
_aArte africano / _cIvan Bargna. |
| 260 |
_aAlcobendas : _bLIBSA, _c[1999] |
||
| 300 |
_a256 p. : _bil. col. y n. ; _c31 cm. |
||
| 650 | 1 | 7 |
_aArte africano _2embne _910151 |
| 852 |
_aES-MaACL _jG-8 _bR.131571 |
||
| 999 |
_c18950 _d18950 |
||